Dopady technologických změn na poptávku po pracovní síle
Prehľad dopadov na dopyt po pracovnej sile v kontexte technologických zmien v súvislosti s Priemyslom 4.0, Spoločnosťou 4.0 a reakciou na očakávané zmeny. Pracovné pozície a skupiny obyvateľov, ktoré budu vďaka technologickým zmenám spadať do ohrozenej skupiny. Pracovné pozície a skupiny obyvateľov,...
Saved in:
| Main Author: | |
|---|---|
| Format: | Book Chapter |
| Language: | Czech |
| Subjects: | |
| Tags: |
No Tags, Be the first to tag this record!
|
MARC
| LEADER | 00000naa a2200000 4500 | ||
|---|---|---|---|
| 001 | 0266956 | ||
| 005 | 20200708101525.2 | ||
| 041 | 0 | |a cze | |
| 044 | |a CZ | ||
| 245 | 1 | 0 | |a Dopady technologických změn na poptávku po pracovní síle |c Pavlína Hejduková |
| 520 | |a Prehľad dopadov na dopyt po pracovnej sile v kontexte technologických zmien v súvislosti s Priemyslom 4.0, Spoločnosťou 4.0 a reakciou na očakávané zmeny. Pracovné pozície a skupiny obyvateľov, ktoré budu vďaka technologickým zmenám spadať do ohrozenej skupiny. Pracovné pozície a skupiny obyvateľov, ktoré bude treba ďalej formovať na potencionálne nové miesta, prípadne zostávajúce pracovné miesta s novými požiadavkami na výkon práce. | ||
| 610 | 2 | 0 | |a dôsledky sociálne |
| 610 | 2 | 0 | |a priemysel 4.0 |
| 610 | 2 | 0 | |a skupiny pracovné |
| 610 | 2 | 0 | |a skupiny vekové |
| 610 | 2 | 0 | |a spoločnosť |
| 610 | 2 | 0 | |a zmeny technologické |
| 100 | 1 | |a Hejduková, Pavlína | |